<?xml version="1.0" encoding="UTF-8"?>
<collection xmlns="http://www.loc.gov/MARC21/slim">
  <record>
    <leader>00000nam  2200000   4500</leader>
    <controlfield tag="001">INLIS000000000006381</controlfield>
    <controlfield tag="005">20220610014437</controlfield>
    <datafield tag="035" ind1="#" ind2="#">
      <subfield code="a">0010-0622000242</subfield>
    </datafield>
    <datafield tag="245" ind1="1" ind2="#">
      <subfield code="a">Jurnal Riset Teknologi Pencegahan Pencemaran Industri /</subfield>
      <subfield code="c">KEPALA BBTPPI SEMARANG</subfield>
    </datafield>
    <datafield tag="110" ind1=" " ind2="#">
      <subfield code="a">Kepala BBTPPI Semarang</subfield>
    </datafield>
    <datafield tag="250" ind1="#" ind2="#">
      <subfield code="a">Vol. 1 No. 4 Desember 2011</subfield>
    </datafield>
    <datafield tag="300" ind1="#" ind2="#">
      <subfield code="a">xii, 234-297 halaman :</subfield>
      <subfield code="b">Tabel, gambar, grafik ;</subfield>
      <subfield code="c">21x29 cm</subfield>
    </datafield>
    <datafield tag="260" ind1="#" ind2="#">
      <subfield code="a">Semarang :</subfield>
      <subfield code="b">Balai Besar Teknologi Penceahan Industri semarang</subfield>
    </datafield>
    <datafield tag="082" ind1="#" ind2="#">
      <subfield code="a">122</subfield>
    </datafield>
    <datafield tag="084" ind1="#" ind2="#">
      <subfield code="a">122 KEP j</subfield>
    </datafield>
    <datafield tag="650" ind1="#" ind2="4">
      <subfield code="a">Hubungan Sebab Akibat</subfield>
    </datafield>
    <datafield tag="650" ind1="#" ind2="4">
      <subfield code="a">Jurnal 2011</subfield>
    </datafield>
    <datafield tag="990" ind1="#" ind2="#">
      <subfield code="a">289/J-11</subfield>
    </datafield>
  </record>
</collection>
